| 000 | 00515nam a22001697a 4500 | ||
|---|---|---|---|
| 999 |
_c11327 _d11327 |
||
| 003 | AR-CdUCM | ||
| 008 | 190403b ||||| |||| 00| 0 spa d | ||
| 040 |
_aMUNICIPALIDAD PROVINCIAL DEL CUSCO _cBIBLIOTECA MUNICIPAL DEL CUSCO |
||
| 082 |
_a848.9 / _bM12 |
||
| 100 |
_aMac Orlan, Pierre _928645 |
||
| 245 |
_aEl canto de la tripulación : _bnovela de aventuras / |
||
| 260 |
_aValencia : _bSempere, |
||
| 300 |
_a208 páginas ; _c19 cm. |
||
| 650 |
_aNovela Española. _96059 |
||
| 942 |
_2ddc _cLIBROS |
||
| 945 | _awfj | ||